Guidance on Modernizing Statistical Legislation (Record no. 44800)
[ view plain ]
| 000 -LEADER | |
|---|---|
| fixed length control field | 00853cas a2200265 a 4500 |
| 001 - CONTROL NUMBER | |
| control field | 12911843 |
| 008 - FIXED-LENGTH DATA ELEMENTS--GENERAL INFORMATION | |
| fixed length control field | 020830d19972013oncfr p l f0 a0eng |
| 010 ## - LIBRARY OF CONGRESS CONTROL NUMBER | |
| LC control number | cn 97302238 |
| 035 ## - SYSTEM CONTROL NUMBER | |
| System control number | (OCoLC)ocm37973394 |
| 037 ## - SOURCE OF ACQUISITION | |
| Source of stock number/acquisition | First Nations Tax Commission, 321-345 Chief Alex Thomas Way, Kamloops, British Columbia, V2H 1H1 |
| 040 ## - CATALOGING SOURCE | |
| Original cataloging agency | CUZ |
| Language of cataloging | eng |
| Transcribing agency | CUZ |
| Modifying agency | CUZ |
| Description conventions | rda |
| 050 00 - LIBRARY OF CONGRESS CALL NUMBER | |
| Classification number | KE7703.9 |
| Item number | GUI |
| 110 1# - MAIN ENTRY--CORPORATE NAME | |
| Corporate name or jurisdiction name as entry element | United Nations |
| 245 00 - TITLE STATEMENT | |
| Title | Guidance on Modernizing Statistical Legislation |
| 264 ## - PRODUCTION, PUBLICATION, DISTRIBUTION, MANUFACTURE, AND COPYRIGHT NOTICE | |
| Place of production, publication, distribution, manufacture | New York ; |
| -- | Geneva: |
| Name of producer, publisher, distributor, manufacturer | United Nations, |
| Date of production, publication, distribution, manufacture, or copyright notice | c2018 |
| 300 ## - PHYSICAL DESCRIPTION | |
| Extent | vi, 132pages : |
| Other physical details | color illustrations; |
| Dimensions | 30cm. |
| 650 ## - SUBJECT ADDED ENTRY--TOPICAL TERM | |
| Topical term or geographic name entry element | Legislation - Statistics |
| 942 ## - ADDED ENTRY ELEMENTS (KOHA) | |
| Koha item type | OS Book |
| 336 ## - CONTENT TYPE | |
| Content type term | text |
| Content type code | txt |
| 337 ## - MEDIA TYPE | |
| Media type term | unmediated |
| Media type code | n |
| 338 ## - CARRIER TYPE | |
| Source | rdacarrier |
| 710 2# - ADDED ENTRY--CORPORATE NAME | |
| Corporate name or jurisdiction name as entry element | Armenia |
| 710 2# - ADDED ENTRY--CORPORATE NAME | |
| Corporate name or jurisdiction name as entry element | Germany |
| 710 2# - ADDED ENTRY--CORPORATE NAME | |
| Corporate name or jurisdiction name as entry element | United Kingdom |
| Withdrawn status | Lost status | Source of classification or shelving scheme | Damaged status | Not for loan | Collection code | Home library | Current library | Shelving location | Date acquired | Source of acquisition | Inventory number | Total Checkouts | Full call number | Barcode | Date last seen | Price effective from | Koha item type |
|---|---|---|---|---|---|---|---|---|---|---|---|---|---|---|---|---|---|
| Non-fiction | CUZ Harare Campus | CUZ Harare Campus | Open Shelf | 17.08.2023 | Donation | CUZ15798 | KE7703.9 GUI | BK009323 | 22.05.2025 | 17.08.2023 | OS Book |